{"text_format":"3","workbook":"xlsx","n_sheets":1,"sheets":["Additional File 4"],"not_rendered":{"defined_names":23},"read":"whole","date_system":"1900"}

{"sheet":"Additional File 4","index":0,"n_rows":124,"n_cols":24,"rows_kept":124}
["Additional File 4. Polymorphic sites identified in BDn when mapped with the NGS reads obtained from sequencing various D. noxia biotypes"]
[]
["Name","Type","Min (original sequence)","Max (original sequence)","Track Name","SNP \nGENIC/INTERGENIC","Quadrant","Length","Above 20\nBelow 80","Shared OR\nUnique","Coverage","Strand-Bias >50% P-value","Variant Frequency","Reference Frequency","Variant P-Value (approximate)","Variant Raw Frequency","Amino Acid Change","CDS","Change","Polymorphism Type","Protein Effect","Reference Nucleotide(s)","Strand-Bias","Variant Nucleotide(s)"]
["G","Polymorphism",{"v":16133,"d":"16,133"},{"v":16133,"d":"16,133"},"SA1 vs SAM","yidC","Q3",1,"SNP","SHARED",728,{"v":0.37,"d":"37.0%"},{"v":0.993,"d":"99.3%"},{"v":1E-3,"d":"0.1%"},0,723,"T -> A","insertase CDS","A -> G","SNP (transition)","Substitution","A",{"v":0.517,"d":"51.7%"},"G"]
["G","Polymorphism",{"v":16133,"d":"16,133"},{"v":16133,"d":"16,133"},"SA1 vs US2","yidC","Q3",1,"SNP","SHARED",581,{"v":1.6e-56,"d":"0.0%"},{"v":0.988,"d":"98.8%"},{"v":0.009,"d":"0.9%"},0,574,"T -> A","insertase CDS","A -> G","SNP (transition)","Substitution","A",{"v":0.819,"d":"81.9%"},"G"]
["T","Polymorphism",{"v":21153,"d":"21,153"},{"v":21153,"d":"21,153"},"SA1 vs SAM","epmB","Q2",1,"VARIABLE SNP","UNIQUE",708,{"v":0.45,"d":"45.0%"},{"v":0.297,"d":"29.7%"},{"v":0.681,"d":"68.1%"},0,210,"N -> K","EF-P beta-lysylation protein EpmB CDS","G -> T","SNP (transversion)","Substitution","G",{"v":0.529,"d":"52.9%"},"T"]
["T","Polymorphism",{"v":43801,"d":"43,801"},{"v":43801,"d":"43,801"},"SA1 vs US2","rpoB","Q3",1,"SNP","SHARED",199,{"v":0.43,"d":"43.0%"},{"v":0.995,"d":"99.5%"},null,0,198,null,"rpoB CDS","C -> T","SNP (transition)","None","C",{"v":0.53,"d":"53.0%"},"T"]
["T","Polymorphism",{"v":43801,"d":"43,801"},{"v":43801,"d":"43,801"},"SA1 vs SAM","rpoB","Q3",1,"SNP","SHARED",671,{"v":0.081,"d":"8.1%"},{"v":0.993,"d":"99.3%"},{"v":1E-3,"d":"0.1%"},0,666,null,"rpoB CDS","C -> T","SNP (transition)","None","C",{"v":0.535,"d":"53.5%"},"T"]
["T","Polymorphism",{"v":43801,"d":"43,801"},{"v":43801,"d":"43,801"},"SA1 vs SAM2","rpoB","Q3",1,"SNP","SHARED",{"v":1699,"d":"1,699"},{"v":0.31,"d":"31.0%"},{"v":0.921,"d":"92.1%"},{"v":0.071,"d":"7.1%"},0,{"v":1565,"d":"1,565"},null,"rpoB CDS","C -> T","SNP (transition)","None","C",{"v":0.513,"d":"51.3%"},"T"]
["T","Polymorphism",{"v":46609,"d":"46,609"},{"v":46609,"d":"46,609"},"SA1 vs SAM2","rplA","Q3",1,"SNP","UNIQUE",{"v":1667,"d":"1,667"},{"v":0.32,"d":"32.0%"},{"v":0.892,"d":"89.2%"},{"v":0.101,"d":"10.1%"},0,{"v":1487,"d":"1,487"},"V -> I","50S ribosomal protein L1 CDS","C -> T","SNP (transition)","Substitution","C",{"v":0.513,"d":"51.3%"},"T"]
["T","Polymorphism",{"v":48579,"d":"48,579"},{"v":48579,"d":"48,579"},"SA1 vs SAM","INTERGENIC","",0,"VARIABLE SNP","UNIQUE",668,{"v":0.023,"d":"2.3%"},{"v":0.612,"d":"61.2%"},null,0,409,null,null,"(T)7 -> (T)8","Insertion (tandem repeat)",null,null,{"v":0.557,"d":"55.7%"},"T"]
["G","Polymorphism",{"v":63441,"d":"63,441"},{"v":63441,"d":"63,441"},"SA1 vs SA1","tsaD","Q3",1,"VARIABLE SNP","UNIQUE",{"v":1021,"d":"1,021"},{"v":0.85,"d":"85.0%"},{"v":0.241,"d":"24.1%"},{"v":0.758,"d":"75.8%"},0,246,"I -> M","tRNA threonylcarbamoyl adenosine modification protein TsaD CDS","A -> G","SNP (transition)","Substitution","A",{"v":0.508,"d":"50.8%"},"G"]
[null,"Polymorphism",{"v":64610,"d":"64,610"},{"v":64610,"d":"64,610"},"SA1 vs SAM2","INTERGENIC","",1,"SNP","UNIQUE",{"v":1524,"d":"1,524"},{"v":0.34,"d":"34.0%"},{"v":0.894,"d":"89.4%"},null,0,{"v":1362,"d":"1,362"},null,null,"-C","Deletion",null,"C",{"v":0.513,"d":"51.3%"}]
["G","Polymorphism",{"v":78022,"d":"78,022"},{"v":78022,"d":"78,022"},"SA1 vs US2","fliF","Q2",1,"SNP","SHARED",178,{"v":0.71,"d":"71.0%"},{"v":0.989,"d":"98.9%"},{"v":0.006,"d":"0.6%"},0,176,"S -> A","flagellar M-ring protein FliF CDS","T -> G","SNP (transversion)","Substitution","T",{"v":0.517,"d":"51.7%"},"G"]
["G","Polymorphism",{"v":78022,"d":"78,022"},{"v":78022,"d":"78,022"},"SA1 vs SAM","fliF","Q2",1,"VARIABLE SNP","SHARED",485,{"v":1,"d":"100.0%"},{"v":0.332,"d":"33.2%"},{"v":0.647,"d":"64.7%"},0,161,"S -> A","flagellar M-ring protein FliF CDS","T -> G","SNP (transversion)","Substitution","T",{"v":0.503,"d":"50.3%"},"G"]
["T","Polymorphism",{"v":103724,"d":"103,724"},{"v":103724,"d":"103,724"},"SA1 vs US2","INTERGENIC","",1,"SNP","SHARED",454,{"v":0.099,"d":"9.9%"},{"v":0.991,"d":"99.1%"},null,0,450,null,null,"G -> T","SNP (transversion)",null,"G",{"v":0.54,"d":"54.0%"},"T"]
["T","Polymorphism",{"v":103724,"d":"103,724"},{"v":103724,"d":"103,724"},"SA1 vs SAM","INTERGENIC","",1,"SNP","SHARED",371,{"v":0.34,"d":"34.0%"},{"v":0.957,"d":"95.7%"},null,0,355,null,null,"G -> T","SNP (transversion)",null,"G",{"v":0.527,"d":"52.7%"},"T"]
["T","Polymorphism",{"v":105229,"d":"105,229"},{"v":105229,"d":"105,229"},"SA1 vs SAM2","hisD","Q3",1,"VARIABLE SNP","UNIQUE",{"v":1555,"d":"1,555"},{"v":0.91,"d":"91.0%"},{"v":0.222,"d":"22.2%"},{"v":0.778,"d":"77.8%"},0,345,null,"hisD CDS","G -> T","SNP (transversion)","None","G",{"v":0.504,"d":"50.4%"},"T"]
["C","Polymorphism",{"v":120527,"d":"120,527"},{"v":120527,"d":"120,527"},"SA1 vs SA1","rsxD","Q1",1,"VARIABLE SNP","UNIQUE",951,{"v":0.27,"d":"27.0%"},{"v":0.379,"d":"37.9%"},{"v":0.621,"d":"62.1%"},0,360,"K -> Q","electron transporter RnfD CDS","A -> C","SNP (transversion)","Substitution","A",{"v":0.531,"d":"53.1%"},"C"]
["C","Polymorphism",{"v":125561,"d":"125,561"},{"v":125561,"d":"125,561"},"SA1 vs SA1","INTERGENIC","",1,"VARIABLE SNP","UNIQUE",912,{"v":0.15,"d":"15.0%"},{"v":0.395,"d":"39.5%"},{"v":0.604,"d":"60.4%"},0,360,null,null,"A -> C","SNP (transversion)",null,"A",{"v":0.539,"d":"53.9%"},"C"]
["T","Polymorphism",{"v":127325,"d":"127,325"},{"v":127325,"d":"127,325"},"SA1 vs US2","INTERGENIC","",0,"VARIABLE SNP","UNIQUE",214,{"v":0.22,"d":"22.0%"},{"v":0.701,"d":"70.1%"},null,0,150,null,null,"(T)7 -> (T)8","Insertion (tandem repeat)",null,null,{"v":0.553,"d":"55.3%"},"T"]
["G","Polymorphism",{"v":133304,"d":"133,304"},{"v":133304,"d":"133,304"},"SA1 vs SAM","INTERGENIC","",1,"VARIABLE SNP","UNIQUE",294,{"v":0.14,"d":"14.0%"},{"v":0.673,"d":"67.3%"},{"v":0.327,"d":"32.7%"},0,198,null,null,"T -> G","SNP (transversion)",null,"T",{"v":0.556,"d":"55.6%"},"G"]
["G","Polymorphism",{"v":149726,"d":"149,726"},{"v":149726,"d":"149,726"},"SA1 vs SAM2","carB","Q3",1,"SNP","UNIQUE",{"v":1502,"d":"1,502"},{"v":0.48,"d":"48.0%"},{"v":0.909,"d":"90.9%"},{"v":0.089,"d":"8.9%"},0,{"v":1365,"d":"1,365"},null,"carB CDS","A -> G","SNP (transition)","None","A",{"v":0.51,"d":"51.0%"},"G"]
["C","Polymorphism",{"v":158486,"d":"158,486"},{"v":158486,"d":"158,486"},"SA1 vs SAM","ileS","Q4",1,"VARIABLE SNP","UNIQUE",315,{"v":0.69,"d":"69.0%"},{"v":0.695,"d":"69.5%"},{"v":0.302,"d":"30.2%"},0,219,"K -> R","isoleucine--tRNA ligase CDS","T -> C","SNP (transition)","Substitution","T",{"v":0.516,"d":"51.6%"},"C"]
["T","Polymorphism",{"v":159826,"d":"159,826"},{"v":159826,"d":"159,826"},"SA1 vs SA1","ribF","Q2",1,"VARIABLE SNP","UNIQUE",977,{"v":0.88,"d":"88.0%"},{"v":0.375,"d":"37.5%"},{"v":0.62,"d":"62.0%"},0,366,"N -> K","bifunctional riboflavin kinase/FMN adenylyltransferase CDS","A -> T","SNP (transversion)","Substitution","A",{"v":0.505,"d":"50.5%"},"T"]
["G","Polymorphism",{"v":178485,"d":"178,485"},{"v":178485,"d":"178,485"},"SA1 vs SAM","nuoN","Q2",1,"VARIABLE SNP","UNIQUE",307,{"v":0.69,"d":"69.0%"},{"v":0.329,"d":"32.9%"},{"v":0.671,"d":"67.1%"},0,101,null,"NADH-quinone oxidoreductase subunit N CDS","A -> G","SNP (transition)","None","A",{"v":0.525,"d":"52.5%"},"G"]
["T","Polymorphism",{"v":200877,"d":"200,877"},{"v":200877,"d":"200,877"},"SA1 vs SAM","nadK","Q3",1,"VARIABLE SNP","UNIQUE",347,{"v":0.8,"d":"80.0%"},{"v":0.695,"d":"69.5%"},{"v":0.303,"d":"30.3%"},0,241,null,"ppnK CDS","C -> T","SNP (transition)","None","C",{"v":0.51,"d":"51.0%"},"T"]
["T","Polymorphism",{"v":212885,"d":"212,885"},{"v":212885,"d":"212,885"},"SA1 vs SAM","panB","Q3",1,"VARIABLE SNP","UNIQUE",337,{"v":0.84,"d":"84.0%"},{"v":0.671,"d":"67.1%"},{"v":0.323,"d":"32.3%"},0,226,"A -> T","panB CDS","C -> T","SNP (transition)","Substitution","C",{"v":0.509,"d":"50.9%"},"T"]
["T","Polymorphism",{"v":213126,"d":"213,126"},{"v":213125,"d":"213,125"},"SA1 vs SAM2","panB","Q3",0,"VARIABLE SNP","UNIQUE",{"v":1396,"d":"1,396"},{"v":0.72,"d":"72.0%"},{"v":0.277,"d":"27.7%"},null,1.3e-273,386,null,"panB CDS","(T)10 -> (T)11","Insertion (tandem repeat)","Frame Shift",null,{"v":0.51,"d":"51.0%"},"T"]
["A","Polymorphism",{"v":225275,"d":"225,275"},{"v":225275,"d":"225,275"},"SA1 vs SA5","aceF","Q1",1,"VARIABLE SNP","UNIQUE",515,{"v":0.4,"d":"40.0%"},{"v":0.278,"d":"27.8%"},{"v":0.722,"d":"72.2%"},0,143,null,"dihydrolipoamide acetyltransferase CDS","G -> A","SNP (transition)","None","G",{"v":0.538,"d":"53.8%"},"A"]
["C","Polymorphism",{"v":231733,"d":"231,733"},{"v":231733,"d":"231,733"},"SA1 vs US2","ftsZ","Q3",1,"SNP","UNIQUE",119,{"v":0.025,"d":"2.5%"},{"v":0.966,"d":"96.6%"},null,0,115,null,"cell division protein FtsZ CDS","T -> C","SNP (transition)","None","T",{"v":0.609,"d":"60.9%"},"C"]
["T","Polymorphism",{"v":245757,"d":"245,757"},{"v":245757,"d":"245,757"},"SA1 vs SA1","ftsL","Q2",0,"VARIABLE SNP","UNIQUE",862,{"v":0.3,"d":"30.0%"},{"v":0.273,"d":"27.3%"},null,6.2E-123,235,null,"cell division protein FtsL CDS","(T)13 -> (T)14","Insertion (tandem repeat)","Frame Shift",null,{"v":0.536,"d":"53.6%"},"T"]
["C","Polymorphism",{"v":246729,"d":"246,729"},{"v":246729,"d":"246,729"},"SA1 vs US2","rsmH","Q3",1,"SNP","UNIQUE",174,{"v":2.3E-3,"d":"0.2%"},{"v":0.994,"d":"99.4%"},null,0,173,"K -> E","rRNA small subunit methyltransferase H CDS","T -> C","SNP (transition)","Substitution","T",{"v":0.618,"d":"61.8%"},"C"]
["T","Polymorphism",{"v":246861,"d":"246,861"},{"v":246861,"d":"246,861"},"SA1 vs SAM","rsmH","Q3",1,"VARIABLE SNP","UNIQUE",266,{"v":0.068,"d":"6.8%"},{"v":0.289,"d":"28.9%"},{"v":0.711,"d":"71.1%"},0,77,"D -> N","rRNA small subunit methyltransferase H CDS","C -> T","SNP (transition)","Substitution","C",{"v":0.61,"d":"61.0%"},"T"]
["T","Polymorphism",{"v":247051,"d":"247,051"},{"v":247051,"d":"247,051"},"SA1 vs SAM","ilvH","Q3",1,"VARIABLE SNP","UNIQUE",269,{"v":0.22,"d":"22.0%"},{"v":0.706,"d":"70.6%"},{"v":0.294,"d":"29.4%"},0,190,null,"ilvH CDS","C -> T","SNP (transition)","None","C",{"v":0.547,"d":"54.7%"},"T"]
[null,"Polymorphism",{"v":256034,"d":"256,034"},{"v":256034,"d":"256,034"},"SA1 vs SA5","pyrH","Q3",1,"SNP","SHARED",547,{"v":0.93,"d":"93.0%"},{"v":0.923,"d":"92.3%"},null,0,505,null,"uridylate kinase CDS","(A)12 -> (A)11","Deletion (tandem repeat)","Frame Shift","A",{"v":0.503,"d":"50.3%"}]
[null,"Polymorphism",{"v":256034,"d":"256,034"},{"v":256034,"d":"256,034"},"SA1 vs SAM2","pyrH","Q3",1,"VARIABLE SNP","SHARED",{"v":1308,"d":"1,308"},{"v":0.7,"d":"70.0%"},{"v":0.609,"d":"60.9%"},null,0,796,null,"uridylate kinase CDS","(A)12 -> (A)11","Deletion (tandem repeat)","Frame Shift","A",{"v":0.508,"d":"50.8%"}]
[null,"Polymorphism",{"v":256034,"d":"256,034"},{"v":256034,"d":"256,034"},"SA1 vs SAM","pyrH","Q3",1,"VARIABLE SNP","SHARED",221,{"v":0.78,"d":"78.0%"},{"v":0.24,"d":"24.0%"},null,0.081,53,null,"uridylate kinase CDS","(A)12 -> (A)11","Deletion (tandem repeat)","Frame Shift","A",{"v":0.528,"d":"52.8%"}]
["T","Polymorphism",{"v":263632,"d":"263,632"},{"v":263632,"d":"263,632"},"SA1 vs SA5","dnaE","Q4",1,"VARIABLE SNP","UNIQUE",629,{"v":0.08,"d":"8.0%"},{"v":0.533,"d":"53.3%"},{"v":0.467,"d":"46.7%"},0,335,null,"dnaE CDS","C -> T","SNP (transition)","None","C",{"v":0.549,"d":"54.9%"},"T"]
["A","Polymorphism",{"v":272317,"d":"272,317"},{"v":272317,"d":"272,317"},"SA1 vs SAM","argS","Q2",1,"VARIABLE SNP","UNIQUE",698,{"v":0.55,"d":"55.0%"},{"v":0.327,"d":"32.7%"},{"v":0.672,"d":"67.2%"},0,228,"Y -> F","arginyl-tRNA synthetase CDS","T -> A","SNP (transversion)","Substitution","T",{"v":0.522,"d":"52.2%"},"A"]
["C","Polymorphism",{"v":273323,"d":"273,323"},{"v":273323,"d":"273,323"},"SA1 vs US2","INTERGENIC","",1,"SNP","UNIQUE",201,{"v":0.019,"d":"1.9%"},{"v":0.985,"d":"98.5%"},{"v":0.005,"d":"0.5%"},0,198,null,null,"A -> C","SNP (transversion)",null,"A",{"v":0.586,"d":"58.6%"},"C"]
["A","Polymorphism",{"v":281927,"d":"281,927"},{"v":281927,"d":"281,927"},"SA1 vs US2","era","Q2",1,"SNP","UNIQUE",425,{"v":2.2e-53,"d":"0.0%"},{"v":0.998,"d":"99.8%"},null,0,424,null,"GTPase Era CDS","G -> A","SNP (transition)","None","G",{"v":0.856,"d":"85.6%"},"A"]
["A","Polymorphism",{"v":287625,"d":"287,625"},{"v":287625,"d":"287,625"},"SA1 vs US2","INTERGENIC","",1,"SNP","UNIQUE",154,{"v":0.23,"d":"23.0%"},{"v":1,"d":"100.0%"},null,0,154,null,null,"C -> A","SNP (transversion)",null,"C",{"v":0.552,"d":"55.2%"},"A"]
["T","Polymorphism",{"v":288864,"d":"288,864"},{"v":288864,"d":"288,864"},"SA1 vs SAM","purB","Q4",1,"VARIABLE SNP","UNIQUE",261,{"v":0.88,"d":"88.0%"},{"v":0.663,"d":"66.3%"},{"v":0.326,"d":"32.6%"},0,173,"A -> S","adenylosuccinate lyase CDS","G -> T","SNP (transversion)","Substitution","G",{"v":0.509,"d":"50.9%"},"T"]
["T","Polymorphism",{"v":291117,"d":"291,117"},{"v":291117,"d":"291,117"},"SA1 vs SAM","rnb","Q3",1,"VARIABLE SNP","UNIQUE",245,{"v":0.39,"d":"39.0%"},{"v":0.669,"d":"66.9%"},{"v":0.318,"d":"31.8%"},0,164,"A -> S","exoribonuclease II CDS","G -> T","SNP (transversion)","Substitution","G",{"v":0.537,"d":"53.7%"},"T"]
["C","Polymorphism",{"v":305442,"d":"305,442"},{"v":305442,"d":"305,442"},"SA1 vs SA5","yedA","Q2",1,"VARIABLE SNP","UNIQUE",694,{"v":0.02,"d":"2.0%"},{"v":0.272,"d":"27.2%"},{"v":0.726,"d":"72.6%"},0,189,"F -> L","multidrug DMT transporter permease CDS","T -> C","SNP (transition)","Substitution","T",{"v":0.587,"d":"58.7%"},"C"]
["T","Polymorphism",{"v":315785,"d":"315,785"},{"v":315785,"d":"315,785"},"SA1 vs SA5","glyA","Q3",1,"VARIABLE SNP","UNIQUE",622,{"v":0.64,"d":"64.0%"},{"v":0.268,"d":"26.8%"},{"v":0.732,"d":"73.2%"},0,167,"A -> S","serine hydroxymethyltransferase CDS","G -> T","SNP (transversion)","Substitution","G",{"v":0.521,"d":"52.1%"},"T"]
[null,"Polymorphism",{"v":317817,"d":"317,817"},{"v":317817,"d":"317,817"},"SA1 vs SAM","bioB","Q3",1,"VARIABLE SNP","UNIQUE",284,{"v":0.83,"d":"83.0%"},{"v":0.69,"d":"69.0%"},null,0,196,null,"biotin synthase CDS","(C)3 -> (C)2","Deletion (tandem repeat)","Frame Shift","C",{"v":0.51,"d":"51.0%"}]
["T","Polymorphism",{"v":322530,"d":"322,530"},{"v":322530,"d":"322,530"},"SA1 vs SA5","mfd","Q2",1,"VARIABLE SNP","UNIQUE",723,{"v":0.089,"d":"8.9%"},{"v":0.275,"d":"27.5%"},{"v":0.723,"d":"72.3%"},0,199,"V -> I","transcription-repair-coupling factor CDS","C -> T","SNP (transition)","Substitution","C",{"v":0.563,"d":"56.3%"},"T"]
["A","Polymorphism",{"v":323881,"d":"323,881"},{"v":323881,"d":"323,881"},"SA1 vs SAM","INTERGENIC","",1,"VARIABLE SNP","UNIQUE",326,{"v":0.75,"d":"75.0%"},{"v":0.276,"d":"27.6%"},{"v":0.721,"d":"72.1%"},0,90,null,null,"C -> A","SNP (transversion)",null,"C",{"v":0.522,"d":"52.2%"},"A"]
[null,"Polymorphism",{"v":326217,"d":"326,217"},{"v":326217,"d":"326,217"},"SA1 vs SAM","INTERGENIC","",1,"VARIABLE SNP","UNIQUE",326,{"v":0.72,"d":"72.0%"},{"v":0.215,"d":"21.5%"},null,0.95,70,null,null,"(A)11 -> (A)10","Deletion (tandem repeat)",null,"A",{"v":0.529,"d":"52.9%"}]
["A","Polymorphism",{"v":330387,"d":"330,387"},{"v":330387,"d":"330,387"},"SA1 vs SAM","phr","Q2",1,"VARIABLE SNP","UNIQUE",354,{"v":0.63,"d":"63.0%"},{"v":0.311,"d":"31.1%"},{"v":0.689,"d":"68.9%"},0,110,null,"deoxyribodipyrimidine photolyase CDS","G -> A","SNP (transition)","None","G",{"v":0.527,"d":"52.7%"},"A"]
["C","Polymorphism",{"v":337307,"d":"337,307"},{"v":337307,"d":"337,307"},"SA1 vs SA1","INTERGENIC","",1,"VARIABLE SNP","UNIQUE",841,{"v":0.4,"d":"40.0%"},{"v":0.378,"d":"37.8%"},{"v":0.622,"d":"62.2%"},0,318,null,null,"T -> C","SNP (transition)",null,"T",{"v":0.525,"d":"52.5%"},"C"]
["C","Polymorphism",{"v":346467,"d":"346,467"},{"v":346467,"d":"346,467"},"SA1 vs US2","serS","Q3",1,"SNP","SHARED",312,{"v":0.079,"d":"7.9%"},{"v":1,"d":"100.0%"},null,0,312,"I -> V","serine--tRNA ligase CDS","T -> C","SNP (transition)","Substitution","T",{"v":0.551,"d":"55.1%"},"C"]
["C","Polymorphism",{"v":346467,"d":"346,467"},{"v":346467,"d":"346,467"},"SA1 vs SAM","serS","Q3",1,"SNP","SHARED",355,{"v":0.33,"d":"33.0%"},{"v":0.972,"d":"97.2%"},{"v":0.003,"d":"0.3%"},0,345,"I -> V","serine--tRNA ligase CDS","T -> C","SNP (transition)","Substitution","T",{"v":0.528,"d":"52.8%"},"C"]
["T","Polymorphism",{"v":363769,"d":"363,769"},{"v":363769,"d":"363,769"},"SA1 vs SAM2","tRNA-Leu",null,0,"VARIABLE SNP","SHARED",{"v":1209,"d":"1,209"},{"v":0.12,"d":"12.0%"},{"v":0.27,"d":"27.0%"},null,4.2E-113,327,null,null,"(T)7 -> (T)8","Insertion (tandem repeat)",null,null,{"v":0.544,"d":"54.4%"},"T"]
["T","Polymorphism",{"v":363769,"d":"363,769"},{"v":363769,"d":"363,769"},"SA1 vs SAM","tRNA-Leu",null,0,"VARIABLE SNP","SHARED",505,{"v":0.024,"d":"2.4%"},{"v":0.246,"d":"24.6%"},null,7.9e-30,124,null,null,"(T)7 -> (T)8","Insertion (tandem repeat)",null,null,{"v":0.605,"d":"60.5%"},"T"]
["T","Polymorphism",{"v":363769,"d":"363,769"},{"v":363769,"d":"363,769"},"SA1 vs SA5","tRNA-Leu",null,0,"VARIABLE SNP","SHARED",702,{"v":0.93,"d":"93.0%"},{"v":0.214,"d":"21.4%"},null,6.8e-161,150,null,null,"(T)7 -> (T)8","Insertion (tandem repeat)",null,null,{"v":0.507,"d":"50.7%"},"T"]
["T","Polymorphism",{"v":363769,"d":"363,769"},{"v":363769,"d":"363,769"},"SA1 vs SA1","tRNA-Leu",null,0,"VARIABLE SNP","SHARED",765,{"v":0.32,"d":"32.0%"},{"v":0.258,"d":"25.8%"},null,1.1e-49,197,null,null,"(T)7 -> (T)8","Insertion (tandem repeat)",null,null,{"v":0.538,"d":"53.8%"},"T"]
[null,"Polymorphism",{"v":368509,"d":"368,509"},{"v":368509,"d":"368,509"},"SA1 vs SAM","INTERGENIC","",1,"VARIABLE SNP","SHARED",399,{"v":0.32,"d":"32.0%"},{"v":0.301,"d":"30.1%"},null,1e-06,120,null,null,"(T)12 -> (T)11","Deletion (tandem repeat)",null,"T",{"v":0.55,"d":"55.0%"}]
[null,"Polymorphism",{"v":368509,"d":"368,509"},{"v":368509,"d":"368,509"},"SA1 vs SAM2","INTERGENIC","",1,"VARIABLE SNP","SHARED",{"v":1197,"d":"1,197"},{"v":0.75,"d":"75.0%"},{"v":0.209,"d":"20.9%"},null,1,250,null,null,"(T)12 -> (T)11","Deletion (tandem repeat)",null,"T",{"v":0.512,"d":"51.2%"}]
["G","Polymorphism",{"v":374323,"d":"374,323"},{"v":374323,"d":"374,323"},"SA1 vs SAM","flgH","Q1",1,"VARIABLE SNP","UNIQUE",275,{"v":0.75,"d":"75.0%"},{"v":0.335,"d":"33.5%"},{"v":0.665,"d":"66.5%"},0,92,null,"flgH CDS","A -> G","SNP (transition)","None","A",{"v":0.522,"d":"52.2%"},"G"]
["C","Polymorphism",{"v":376759,"d":"376,759"},{"v":376759,"d":"376,759"},"SA1 vs SAM","flgK","Q2",1,"VARIABLE SNP","UNIQUE",253,{"v":0.83,"d":"83.0%"},{"v":0.336,"d":"33.6%"},{"v":0.664,"d":"66.4%"},0,85,null,"flagellar hook protein CDS","T -> C","SNP (transition)","None","T",{"v":0.518,"d":"51.8%"},"C"]
["C","Polymorphism",{"v":377599,"d":"377,599"},{"v":377599,"d":"377,599"},"SA1 vs SAM2","flgK","Q2",1,"SNP","UNIQUE",{"v":1357,"d":"1,357"},{"v":0.98,"d":"98.0%"},{"v":0.911,"d":"91.1%"},{"v":0.089,"d":"8.9%"},0,{"v":1236,"d":"1,236"},null,"flagellar hook protein CDS","T -> C","SNP (transition)","None","T",{"v":0.501,"d":"50.1%"},"C"]
["T","Polymorphism",{"v":379515,"d":"379,515"},{"v":379515,"d":"379,515"},"SA1 vs US2","rne","Q2",1,"SNP","UNIQUE",231,{"v":0.19,"d":"19.0%"},{"v":0.991,"d":"99.1%"},{"v":0.004,"d":"0.4%"},0,229,"H -> N","ribonuclease E CDS","G -> T","SNP (transversion)","Substitution","G",{"v":0.546,"d":"54.6%"},"T"]
["C","Polymorphism",{"v":382461,"d":"382,461"},{"v":382461,"d":"382,461"},"SA1 vs SA1","INTERGENIC","",1,"VARIABLE SNP","UNIQUE",865,{"v":0.36,"d":"36.0%"},{"v":0.231,"d":"23.1%"},{"v":0.766,"d":"76.6%"},0,200,null,null,"A -> C","SNP (transversion)",null,"A",{"v":0.535,"d":"53.5%"},"C"]
["A","Polymorphism",{"v":384194,"d":"384,194"},{"v":384194,"d":"384,194"},"SA1 vs SAM2","fabG","Q4",1,"SNP","UNIQUE",{"v":1394,"d":"1,394"},{"v":0.96,"d":"96.0%"},{"v":0.903,"d":"90.3%"},{"v":0.095,"d":"9.5%"},0,{"v":1259,"d":"1,259"},null,"beta-ketoacyl-ACP reductase CDS","G -> A","SNP (transition)","None","G",{"v":0.501,"d":"50.1%"},"A"]
["C","Polymorphism",{"v":401060,"d":"401,060"},{"v":401060,"d":"401,060"},"SA1 vs SAM","valS","Q4",1,"SNP","SHARED",265,{"v":0.14,"d":"14.0%"},{"v":0.992,"d":"99.2%"},null,0,263,null,"valine--tRNA ligase CDS","G -> C","SNP (transversion)","None","G",{"v":0.548,"d":"54.8%"},"C"]
["C","Polymorphism",{"v":401060,"d":"401,060"},{"v":401060,"d":"401,060"},"SA1 vs US2","valS","Q4",1,"SNP","SHARED",431,{"v":7.6e-29,"d":"0.0%"},{"v":0.986,"d":"98.6%"},{"v":0.007,"d":"0.7%"},0,425,null,"valine--tRNA ligase CDS","G -> C","SNP (transversion)","None","G",{"v":0.765,"d":"76.5%"},"C"]
["C","Polymorphism",{"v":401060,"d":"401,060"},{"v":401060,"d":"401,060"},"SA1 vs SAM2","valS","Q4",1,"SNP","SHARED",{"v":1428,"d":"1,428"},{"v":0.059,"d":"5.9%"},{"v":0.934,"d":"93.4%"},{"v":0.062,"d":"6.2%"},0,{"v":1334,"d":"1,334"},null,"valine--tRNA ligase CDS","G -> C","SNP (transversion)","None","G",{"v":0.526,"d":"52.6%"},"C"]
["G","Polymorphism",{"v":401717,"d":"401,717"},{"v":401717,"d":"401,717"},"SA1 vs SAM","valS","Q4",1,"VARIABLE SNP","UNIQUE",285,{"v":0.31,"d":"31.0%"},{"v":0.281,"d":"28.1%"},{"v":0.716,"d":"71.6%"},0,80,"K -> N","valine--tRNA ligase CDS","T -> G","SNP (transversion)","Substitution","T",{"v":0.563,"d":"56.3%"},"G"]
["C","Polymorphism",{"v":404271,"d":"404,271"},{"v":404271,"d":"404,271"},"SA1 vs SAM","pepA","Q1",1,"VARIABLE SNP","UNIQUE",352,{"v":0.0037,"d":"0.4%"},{"v":0.688,"d":"68.8%"},{"v":0.313,"d":"31.3%"},0,242,"S -> A","aminopeptidase CDS","A -> C","SNP (transversion)","Substitution","A",{"v":0.595,"d":"59.5%"},"C"]
["G","Polymorphism",{"v":407318,"d":"407,318"},{"v":407318,"d":"407,318"},"SA1 vs US2","pyrI","Q4",1,"SNP","SHARED",151,{"v":0.1,"d":"10.0%"},{"v":0.987,"d":"98.7%"},null,0,149,null,"aspartate carbamoyltransferase regulatory subunit CDS","A -> G","SNP (transition)","None","A",{"v":0.57,"d":"57.0%"},"G"]
["G","Polymorphism",{"v":407318,"d":"407,318"},{"v":407318,"d":"407,318"},"SA1 vs SAM","pyrI","Q4",1,"SNP","SHARED",412,{"v":0.0012,"d":"0.1%"},{"v":0.833,"d":"83.3%"},{"v":0.129,"d":"12.9%"},0,343,null,"aspartate carbamoyltransferase regulatory subunit CDS","A -> G","SNP (transition)","None","A",{"v":0.589,"d":"58.9%"},"G"]
["G","Polymorphism",{"v":407318,"d":"407,318"},{"v":407318,"d":"407,318"},"SA1 vs SAM2","pyrI","Q4",1,"SNP","SHARED",{"v":1455,"d":"1,455"},{"v":0.88,"d":"88.0%"},{"v":0.812,"d":"81.2%"},{"v":0.144,"d":"14.4%"},0,{"v":1182,"d":"1,182"},null,"aspartate carbamoyltransferase regulatory subunit CDS","A -> G","SNP (transition)","None","A",{"v":0.503,"d":"50.3%"},"G"]
["G","Polymorphism",{"v":419476,"d":"419,476"},{"v":419476,"d":"419,476"},"SA1 vs US2","glmM","Q1",1,"SNP","SHARED",213,{"v":0.84,"d":"84.0%"},{"v":0.995,"d":"99.5%"},{"v":0.005,"d":"0.5%"},0,212,"E -> A","glmM CDS","T -> G","SNP (transversion)","Substitution","T",{"v":0.509,"d":"50.9%"},"G"]
["G","Polymorphism",{"v":419476,"d":"419,476"},{"v":419476,"d":"419,476"},"SA1 vs SAM","glmM","Q1",1,"VARIABLE SNP","SHARED",464,{"v":0.79,"d":"79.0%"},{"v":0.263,"d":"26.3%"},{"v":0.698,"d":"69.8%"},0,122,"E -> A","glmM CDS","T -> G","SNP (transversion)","Substitution","T",{"v":0.516,"d":"51.6%"},"G"]
["T","Polymorphism",{"v":421822,"d":"421,822"},{"v":421822,"d":"421,822"},"SA1 vs US2","ftsH","Q3",1,"SNP","UNIQUE",118,{"v":0.51,"d":"51.0%"},{"v":0.949,"d":"94.9%"},{"v":0.017,"d":"1.7%"},0,112,null,"hflB CDS","C -> T","SNP (transition)","None","C",{"v":0.536,"d":"53.6%"},"T"]
["A","Polymorphism",{"v":424803,"d":"424,803"},{"v":424803,"d":"424,803"},"SA1 vs SAM","INTERGENIC","",0,"VARIABLE SNP","UNIQUE",383,{"v":0.77,"d":"77.0%"},{"v":0.282,"d":"28.2%"},null,2.2e-270,108,null,null,"(A)7 -> (A)8","Insertion (tandem repeat)",null,null,{"v":0.519,"d":"51.9%"},"A"]
["G","Polymorphism",{"v":428091,"d":"428,091"},{"v":428091,"d":"428,091"},"SA1 vs SAM","rpsI","Q3",1,"VARIABLE SNP","UNIQUE",344,{"v":0.7,"d":"70.0%"},{"v":0.712,"d":"71.2%"},{"v":0.285,"d":"28.5%"},0,245,"K -> T","30S ribosomal protein S9 CDS","T -> G","SNP (transversion)","Substitution","T",{"v":0.514,"d":"51.4%"},"G"]
["T","Polymorphism",{"v":434309,"d":"434,309"},{"v":434309,"d":"434,309"},"SA1 vs SAM","tldD","Q3",1,"VARIABLE SNP","UNIQUE",415,{"v":0.57,"d":"57.0%"},{"v":0.272,"d":"27.2%"},{"v":0.725,"d":"72.5%"},0,113,"T -> N","tldD CDS","G -> T","SNP (transversion)","Substitution","G",{"v":0.531,"d":"53.1%"},"T"]
["G","Polymorphism",{"v":434773,"d":"434,773"},{"v":434773,"d":"434,773"},"SA1 vs SAM2","tldD","Q3",1,"VARIABLE SNP","UNIQUE",{"v":1398,"d":"1,398"},{"v":0.15,"d":"15.0%"},{"v":0.308,"d":"30.8%"},{"v":0.691,"d":"69.1%"},0,431,null,"tldD CDS","A -> G","SNP (transition)","None","A",{"v":0.536,"d":"53.6%"},"G"]
["T","Polymorphism",{"v":453768,"d":"453,768"},{"v":453768,"d":"453,768"},"SA1 vs SAM2","queD","Q3",1,"SNP","UNIQUE",{"v":1518,"d":"1,518"},{"v":0.89,"d":"89.0%"},{"v":0.917,"d":"91.7%"},{"v":0.078,"d":"7.8%"},0,{"v":1392,"d":"1,392"},"S -> N","6-carboxy-5,6,7,8-tetrahydropterin synthase CDS","C -> T","SNP (transition)","Substitution","C",{"v":0.502,"d":"50.2%"},"T"]
["T","Polymorphism",{"v":454622,"d":"454,622"},{"v":454622,"d":"454,622"},"SA1 vs SAM","nlpD","Q2",1,"VARIABLE SNP","UNIQUE",448,{"v":0.19,"d":"19.0%"},{"v":0.413,"d":"41.3%"},{"v":0.587,"d":"58.7%"},0,185,"V -> I","hypothetical protein CDS","C -> T","SNP (transition)","Substitution","C",{"v":0.551,"d":"55.1%"},"T"]
[null,"Polymorphism",{"v":458116,"d":"458,116"},{"v":458116,"d":"458,116"},"SA1 vs SAM","INTERGENIC","",1,"VARIABLE SNP","UNIQUE",318,{"v":0.26,"d":"26.0%"},{"v":0.355,"d":"35.5%"},null,3.1e-95,113,null,null,"(A)8 -> (A)7","Deletion (tandem repeat)",null,"A",{"v":0.558,"d":"55.8%"}]
["A","Polymorphism",{"v":466440,"d":"466,440"},{"v":466439,"d":"466,439"},"SA1 vs US2","INTERGENIC","",0,"VARIABLE SNP","UNIQUE",247,{"v":0.11,"d":"11.0%"},{"v":0.704,"d":"70.4%"},null,0,174,null,null,"(A)3 -> (A)4","Insertion (tandem repeat)",null,null,{"v":0.563,"d":"56.3%"},"A"]
["A","Polymorphism",{"v":466875,"d":"466,875"},{"v":466875,"d":"466,875"},"SA1 vs SA5","INTERGENIC","",1,"VARIABLE SNP","UNIQUE",728,{"v":0.42,"d":"42.0%"},{"v":0.258,"d":"25.8%"},{"v":0.742,"d":"74.2%"},0,188,null,null,"G -> A","SNP (transition)",null,"G",{"v":0.532,"d":"53.2%"},"A"]
["G","Polymorphism",{"v":467102,"d":"467,102"},{"v":467102,"d":"467,102"},"SA1 vs US2","INTERGENIC","",1,"SNP","UNIQUE",186,{"v":0.61,"d":"61.0%"},{"v":1,"d":"100.0%"},null,0,186,null,null,"A -> G","SNP (transition)",null,"A",{"v":0.522,"d":"52.2%"},"G"]
[null,"Polymorphism",{"v":467811,"d":"467,811"},{"v":467811,"d":"467,811"},"SA1 vs SAM","INTERGENIC","",1,"VARIABLE SNP","UNIQUE",266,{"v":0.43,"d":"43.0%"},{"v":0.38,"d":"38.0%"},null,2.7E-42,101,null,null,"(T)8 -> (T)7","Deletion (tandem repeat)",null,"T",{"v":0.545,"d":"54.5%"}]
["G","Polymorphism",{"v":471706,"d":"471,706"},{"v":471706,"d":"471,706"},"SA1 vs SAM","bipA","Q3",1,"VARIABLE SNP","UNIQUE",273,{"v":1,"d":"100.0%"},{"v":0.264,"d":"26.4%"},{"v":0.736,"d":"73.6%"},0,72,"K -> E","GTP-binding protein TypA CDS","A -> G","SNP (transition)","Substitution","A",{"v":0.5,"d":"50.0%"},"G"]
["A","Polymorphism",{"v":474969,"d":"474,969"},{"v":474969,"d":"474,969"},"SA1 vs SAM","prfB","Q3",1,"VARIABLE SNP","UNIQUE",262,{"v":0.41,"d":"41.0%"},{"v":0.695,"d":"69.5%"},{"v":0.302,"d":"30.2%"},0,182,"V -> I","peptide chain release factor 2 CDS","G -> A","SNP (transition)","Substitution","G",{"v":0.533,"d":"53.3%"},"A"]
[null,"Polymorphism",{"v":481585,"d":"481,585"},{"v":481585,"d":"481,585"},"SA1 vs SAM","INTERGENIC","",1,"VARIABLE SNP","UNIQUE",272,{"v":1,"d":"100.0%"},{"v":0.202,"d":"20.2%"},null,0.98,55,null,null,"(A)10 -> (A)9","Deletion (tandem repeat)",null,"A",{"v":0.509,"d":"50.9%"}]
[null,"Polymorphism",{"v":488882,"d":"488,882"},{"v":488882,"d":"488,882"},"SA1 vs SAM","INTERGENIC","",1,"VARIABLE SNP","UNIQUE",298,{"v":0.18,"d":"18.0%"},{"v":0.372,"d":"37.2%"},null,3e-96,111,null,null,"(T)8 -> (T)7","Deletion (tandem repeat)",null,"T",{"v":0.568,"d":"56.8%"}]
["C","Polymorphism",{"v":489085,"d":"489,085"},{"v":489085,"d":"489,085"},"SA1 vs US2","yhgN","Q3",1,"SNP","UNIQUE",165,{"v":0.072,"d":"7.2%"},{"v":0.994,"d":"99.4%"},null,0,164,null,"antibiotic transporter CDS","T -> C","SNP (transition)","None","T",{"v":0.573,"d":"57.3%"},"C"]
["A","Polymorphism",{"v":514422,"d":"514,422"},{"v":514422,"d":"514,422"},"SA1 vs SA1","cyoA","Q2",1,"VARIABLE SNP","UNIQUE",954,{"v":0.41,"d":"41.0%"},{"v":0.266,"d":"26.6%"},{"v":0.733,"d":"73.3%"},0,254,null,"cytochrome ubiquinol oxidase subunit II CDS","G -> A","SNP (transition)","None","G",{"v":0.528,"d":"52.8%"},"A"]
["G","Polymorphism",{"v":517456,"d":"517,456"},{"v":517456,"d":"517,456"},"SA1 vs US2","clpP","Q3",1,"SNP","UNIQUE",303,{"v":6.6E-4,"d":"0.1%"},{"v":0.997,"d":"99.7%"},null,0,302,"K -> R","ATP-dependent Clp protease proteolytic subunit CDS","A -> G","SNP (transition)","Substitution","A",{"v":0.599,"d":"59.9%"},"G"]
["G","Polymorphism",{"v":519770,"d":"519,770"},{"v":519770,"d":"519,770"},"SA1 vs US2","lon","Q3",1,"SNP","UNIQUE",237,{"v":0.9,"d":"90.0%"},{"v":0.992,"d":"99.2%"},null,0,235,"T -> A","DNA-binding protein CDS","A -> G","SNP (transition)","Substitution","A",{"v":0.506,"d":"50.6%"},"G"]
["C","Polymorphism",{"v":520432,"d":"520,432"},{"v":520432,"d":"520,432"},"SA1 vs SAM","lon","Q3",1,"VARIABLE SNP","UNIQUE",315,{"v":1,"d":"100.0%"},{"v":0.289,"d":"28.9%"},{"v":0.711,"d":"71.1%"},0,91,null,"DNA-binding protein CDS","A -> C","SNP (transversion)","None","A",{"v":0.505,"d":"50.5%"},"C"]
["G","Polymorphism",{"v":522627,"d":"522,627"},{"v":522627,"d":"522,627"},"SA1 vs SAM","ppiD","Q2",1,"VARIABLE SNP","UNIQUE",318,{"v":1,"d":"100.0%"},{"v":0.308,"d":"30.8%"},{"v":0.686,"d":"68.6%"},0,98,"I -> V","peptidylprolyl isomerase CDS","A -> G","SNP (transition)","Substitution","A",{"v":0.5,"d":"50.0%"},"G"]
["G","Polymorphism",{"v":524003,"d":"524,003"},{"v":524003,"d":"524,003"},"SA1 vs US2","queC","Q2",1,"SNP","UNIQUE",196,{"v":1.8e-08,"d":"0.0%"},{"v":0.98,"d":"98.0%"},{"v":0.01,"d":"1.0%"},0,192,"N -> H","7-cyano-7-deazaguanine synthase CDS","T -> G","SNP (transversion)","Substitution","T",{"v":0.703,"d":"70.3%"},"G"]
["G","Polymorphism",{"v":531002,"d":"531,002"},{"v":531002,"d":"531,002"},"SA1 vs SAM","htpG","Q4",1,"VARIABLE SNP","UNIQUE",554,{"v":0.092,"d":"9.2%"},{"v":0.431,"d":"43.1%"},{"v":0.569,"d":"56.9%"},0,239,null,"molecular chaperone HtpG CDS","A -> G","SNP (transition)","None","A",{"v":0.556,"d":"55.6%"},"G"]
["G","Polymorphism",{"v":551052,"d":"551,052"},{"v":551052,"d":"551,052"},"SA1 vs SAM","rplE","Q3",1,"VARIABLE SNP","UNIQUE",737,{"v":0.95,"d":"95.0%"},{"v":0.312,"d":"31.2%"},{"v":0.685,"d":"68.5%"},0,230,null,"50S ribosomal protein L5 CDS","T -> G","SNP (transversion)","None","T",{"v":0.504,"d":"50.4%"},"G"]
["A","Polymorphism",{"v":557455,"d":"557,455"},{"v":557454,"d":"557,454"},"SA1 vs SA5","INTERGENIC","",0,"VARIABLE SNP","UNIQUE",468,{"v":1,"d":"100.0%"},{"v":0.457,"d":"45.7%"},null,0,214,null,null,"(A)10 -> (A)11","Insertion (tandem repeat)",null,null,{"v":0.5,"d":"50.0%"},"A"]
["A","Polymorphism",{"v":562285,"d":"562,285"},{"v":562285,"d":"562,285"},"SA1 vs SA5","tusB","Q2",1,"VARIABLE SNP","UNIQUE",679,{"v":0.012,"d":"1.2%"},{"v":0.496,"d":"49.6%"},{"v":0.504,"d":"50.4%"},0,337,null,"sulfur relay protein TusB CDS","G -> A","SNP (transition)","None","G",{"v":0.57,"d":"57.0%"},"A"]
["A","Polymorphism",{"v":564161,"d":"564,161"},{"v":564161,"d":"564,161"},"SA1 vs SAM2","INTERGENIC","",1,"SNP","UNIQUE",{"v":1468,"d":"1,468"},{"v":0.8,"d":"80.0%"},{"v":0.895,"d":"89.5%"},{"v":0.103,"d":"10.3%"},0,{"v":1314,"d":"1,314"},null,null,"G -> A","SNP (transition)",null,"G",{"v":0.504,"d":"50.4%"},"A"]
["G","Polymorphism",{"v":572321,"d":"572,321"},{"v":572321,"d":"572,321"},"SA1 vs SA1","deoB","Q3",1,"VARIABLE SNP","UNIQUE",915,{"v":0.27,"d":"27.0%"},{"v":0.203,"d":"20.3%"},{"v":0.796,"d":"79.6%"},0,186,"K -> N","phosphopentomutase CDS","T -> G","SNP (transversion)","Substitution","T",{"v":0.543,"d":"54.3%"},"G"]
["C","Polymorphism",{"v":574903,"d":"574,903"},{"v":574903,"d":"574,903"},"SA1 vs SAM","INTERGENIC","",1,"VARIABLE SNP","UNIQUE",290,{"v":0.82,"d":"82.0%"},{"v":0.279,"d":"27.9%"},{"v":0.717,"d":"71.7%"},0,81,null,null,"T -> C","SNP (transition)",null,"T",{"v":0.519,"d":"51.9%"},"C"]
["A","Polymorphism",{"v":585216,"d":"585,216"},{"v":585216,"d":"585,216"},"SA1 vs SAM","INTERGENIC","",0,"VARIABLE SNP","UNIQUE",522,{"v":0.91,"d":"91.0%"},{"v":0.665,"d":"66.5%"},null,0,347,null,null,"(A)9 -> (A)10","Insertion (tandem repeat)",null,null,{"v":0.504,"d":"50.4%"},"A"]
["T","Polymorphism",{"v":586818,"d":"586,818"},{"v":586818,"d":"586,818"},"SA1 vs US2","sbcB","Q2",1,"SNP","UNIQUE",186,{"v":0.46,"d":"46.0%"},{"v":0.995,"d":"99.5%"},{"v":0.005,"d":"0.5%"},0,185,"A -> T","exodeoxyribonuclease I CDS","C -> T","SNP (transition)","Substitution","C",{"v":0.53,"d":"53.0%"},"T"]
["C","Polymorphism",{"v":590189,"d":"590,189"},{"v":590189,"d":"590,189"},"SA1 vs SAM","cysQ","Q1",1,"VARIABLE SNP","UNIQUE",550,{"v":0.34,"d":"34.0%"},{"v":0.709,"d":"70.9%"},{"v":0.287,"d":"28.7%"},0,390,"N -> K","3'(2'),5'-bisphosphate nucleotidase CysQ CDS","A -> C","SNP (transversion)","Substitution","A",{"v":0.526,"d":"52.6%"},"C"]
["C","Polymorphism",{"v":602433,"d":"602,433"},{"v":602433,"d":"602,433"},"SA1 vs SAM2","mtlA","Q3",1,"SNP","UNIQUE",{"v":1522,"d":"1,522"},{"v":0.21,"d":"21.0%"},{"v":0.912,"d":"91.2%"},{"v":0.088,"d":"8.8%"},0,{"v":1388,"d":"1,388"},"T -> A","PTS mannitol transporter subunit IIABC CDS","T -> C","SNP (transition)","Substitution","T",{"v":0.517,"d":"51.7%"},"C"]
[null,"Polymorphism",{"v":607530,"d":"607,530"},{"v":607530,"d":"607,530"},"SA1 vs SA5","INTERGENIC","",1,"VARIABLE SNP","SHARED",873,{"v":0.63,"d":"63.0%"},{"v":0.236,"d":"23.6%"},null,1.7E-45,206,null,null,"(A)18 -> (A)17","Deletion (tandem repeat)",null,"A",{"v":0.519,"d":"51.9%"}]
[null,"Polymorphism",{"v":607530,"d":"607,530"},{"v":607530,"d":"607,530"},"SA1 vs SA1","INTERGENIC","",1,"VARIABLE SNP","SHARED",984,{"v":0.64,"d":"64.0%"},{"v":0.464,"d":"46.4%"},null,2.2e-47,457,null,null,"(A)18 -> (A)17","Deletion (tandem repeat)",null,"A",{"v":0.512,"d":"51.2%"}]
["A","Polymorphism",{"v":607531,"d":"607,531"},{"v":607530,"d":"607,530"},"SA1 vs SAM2","INTERGENIC","",0,"VARIABLE SNP","SHARED",{"v":1532,"d":"1,532"},{"v":0.22,"d":"22.0%"},{"v":0.671,"d":"67.1%"},null,0,{"v":1028,"d":"1,028"},null,null,"(A)18 -> (A)19","Insertion (tandem repeat)",null,null,{"v":0.519,"d":"51.9%"},"A"]
["A","Polymorphism",{"v":607531,"d":"607,531"},{"v":607531,"d":"607,531"},"SA1 vs SAM","INTERGENIC","",0,"VARIABLE SNP","SHARED",528,{"v":0.76,"d":"76.0%"},{"v":0.519,"d":"51.9%"},null,5.6e-129,274,null,null,"(A)18 -> (A)19","Insertion (tandem repeat)",null,null,{"v":0.511,"d":"51.1%"},"A"]
["A","Polymorphism",{"v":607531,"d":"607,531"},{"v":607531,"d":"607,531"},"SA1 vs SA1","INTERGENIC","",0,"VARIABLE SNP","SHARED",984,{"v":0.62,"d":"62.0%"},{"v":0.263,"d":"26.3%"},null,5.8e-48,259,null,null,"(A)18 -> (A)19","Insertion (tandem repeat)",null,null,{"v":0.517,"d":"51.7%"},"A"]
[null,"Polymorphism",{"v":607557,"d":"607,557"},{"v":607557,"d":"607,557"},"SA1 vs SAM","INTERGENIC","",1,"VARIABLE SNP","UNIQUE",526,{"v":0.33,"d":"33.0%"},{"v":0.203,"d":"20.3%"},null,1,107,null,null,"(A)12 -> (A)11","Deletion (tandem repeat)",null,"A",{"v":0.551,"d":"55.1%"}]
["A","Polymorphism",{"v":607558,"d":"607,558"},{"v":607557,"d":"607,557"},"SA1 vs SAM2","INTERGENIC","",0,"VARIABLE SNP","UNIQUE",{"v":1536,"d":"1,536"},{"v":0.3,"d":"30.0%"},{"v":0.376,"d":"37.6%"},null,0,578,null,null,"(A)12 -> (A)13","Insertion (tandem repeat)",null,null,{"v":0.522,"d":"52.2%"},"A"]
["T","Polymorphism",{"v":611255,"d":"611,255"},{"v":611255,"d":"611,255"},"SA1 vs US2","fpr","Q3",1,"SNP","SHARED",382,{"v":2E-8,"d":"0.0%"},{"v":1,"d":"100.0%"},null,0,382,null,"ferredoxin--NADP reductase CDS","C -> T","SNP (transition)","None","C",{"v":0.644,"d":"64.4%"},"T"]
["T","Polymorphism",{"v":611255,"d":"611,255"},{"v":611255,"d":"611,255"},"SA1 vs SAM","fpr","Q3",1,"SNP","SHARED",518,{"v":0.33,"d":"33.0%"},{"v":0.998,"d":"99.8%"},null,0,517,null,"ferredoxin--NADP reductase CDS","C -> T","SNP (transition)","None","C",{"v":0.522,"d":"52.2%"},"T"]
["C","Polymorphism",{"v":621332,"d":"621,332"},{"v":621332,"d":"621,332"},"SA1 vs SAM","hemD","Q2",1,"SNP","SHARED",669,{"v":0.46,"d":"46.0%"},{"v":0.999,"d":"99.9%"},null,0,668,null,"uroporphyrinogen-III synthase CDS","T -> C","SNP (transition)","None","T",{"v":0.515,"d":"51.5%"},"C"]
["C","Polymorphism",{"v":621332,"d":"621,332"},{"v":621332,"d":"621,332"},"SA1 vs US2","hemD","Q2",1,"SNP","SHARED",296,{"v":8.6e-21,"d":"0.0%"},{"v":0.99,"d":"99.0%"},{"v":0.003,"d":"0.3%"},0,293,null,"uroporphyrinogen-III synthase CDS","T -> C","SNP (transition)","None","T",{"v":0.768,"d":"76.8%"},"C"]
["C","Polymorphism",{"v":621332,"d":"621,332"},{"v":621332,"d":"621,332"},"SA1 vs SAM2","hemD","Q2",1,"SNP","SHARED",{"v":1685,"d":"1,685"},{"v":1,"d":"100.0%"},{"v":0.954,"d":"95.4%"},{"v":0.045,"d":"4.5%"},0,{"v":1608,"d":"1,608"},null,"uroporphyrinogen-III synthase CDS","T -> C","SNP (transition)","None","T",{"v":0.5,"d":"50.0%"},"C"]
["C","Polymorphism",{"v":621332,"d":"621,332"},{"v":621332,"d":"621,332"},"SA1 vs SA1","hemD","Q2",1,"VARIABLE SNP","SHARED",{"v":1036,"d":"1,036"},{"v":0.59,"d":"59.0%"},{"v":0.4,"d":"40.0%"},{"v":0.598,"d":"59.8%"},0,414,null,"uroporphyrinogen-III synthase CDS","T -> C","SNP (transition)","None","T",{"v":0.514,"d":"51.4%"},"C"]